ბათუმის შოთა რუსთაველის სახელმწიფო უნივერსიტეტის ბიბლიოთეკა

Расчет электромагнитных реле. (ბიბ.ჩანაწერი № 40641)

000 -LEADER
fixed length control field 00621nam a2200217Ia 4500
001 - CONTROL NUMBER
control field 7269
003 - CONTROL NUMBER IDENTIFIER
control field GE_BSU
008 - FIXED-LENGTH DATA ELEMENTS--GENERAL INFORMATION
fixed length control field 181216s||||||||xx |||||||||||||| ||und||
040 ## - CATALOGING SOURCE
Transcribing agency GE_BSU
080 ## - UNIVERSAL DECIMAL CLASSIFICATION NUMBER
Universal Decimal Classification number 621.318
100 ## - MAIN ENTRY--PERSONAL NAME
Personal name Витенберг,М.И.
245 ## - TITLE STATEMENT
Title Расчет электромагнитных реле.
245 ## - TITLE STATEMENT
Statement of responsibility, etc. Ред.В.Н.Михалкова.
250 ## - EDITION STATEMENT
Edition statement Изд 4-ое, перераб. и доп.
260 ## - PUBLICATION, DISTRIBUTION, ETC.
Place of publication, distribution, etc. Л.
260 ## - PUBLICATION, DISTRIBUTION, ETC.
Name of publisher, distributor, etc. Энергия.
260 ## - PUBLICATION, DISTRIBUTION, ETC.
Date of publication, distribution, etc. 1975.
300 ## - PHYSICAL DESCRIPTION
Extent 416стр.с илл.22см.
653 ## - INDEX TERM--UNCONTROLLED
Uncontrolled term Расчет электромагнитных реле.
942 ## - ADDED ENTRY ELEMENTS (KOHA)
Koha item type წიგნი
ეგზემპლარები
Withdrawn status Lost status Damaged status Not for loan Date acquired Barcode Date last seen Price effective from Koha item type
        2018-12-17 10114 2018-12-17 2018-12-17 წიგნი